000 004070000a22001570004500
003 MACL
005 20150702165740.0
008 150702b xxu||||| |||| 00| 0 eng d
040 _aMACL
_cMACL
100 _aAhmad, Imtiaz
_9384
245 _aDalit Assertion in Society History and Literature
260 _bDeshkal Publication
_c2007
350 _a595
650 _aSociology
_919
942 _cBK
_k300/AHM
_2ddc
999 _c42260
_d42260